Systémový prístup k riadeniu informačnej bezpečnosti
Uložené v:
| Hlavný autor: | |
|---|---|
| Médium: | Kniha |
| Jazyk: | Slovak |
| Vydavateľské údaje: |
Trnava :
SP SYNERGIA,
2008
|
| Vydanie: | 1. vyd |
| Edícia: | Teória a prax manažérstva
9 |
| Predmet: | |
| On-line prístup: | OBSAH |
| Tagy: |
Žiadne tagy, Buďte prvý, kto otaguje tento záznam!
|
MARC
| LEADER | 00000nam a22000003a 4500 | ||
|---|---|---|---|
| 001 | stu181626 | ||
| 005 | 20150617225603.7 | ||
| 008 | 090316s2008----xo------------------slo-d | ||
| 020 | |a 978-80-89291-20-5 | ||
| 040 | |a STU |b slo | ||
| 041 | 0 | |a slo | |
| 044 | |a xo | ||
| 080 | |a 004.056 |7 stu_us_auth*stu414 | ||
| 100 | 1 | |a Strnád, Ondrej |4 aut | |
| 245 | 1 | |a Systémový prístup k riadeniu informačnej bezpečnosti | |
| 250 | |a 1. vyd | ||
| 260 | |a Trnava : |b SP SYNERGIA, |c 2008 | ||
| 300 | |a 233 s | ||
| 650 | 7 | |a riadenie informačnej bezpečnosti |2 stusub | |
| 650 | 7 | |a systémový prístup |2 stusub | |
| 830 | 0 | |a Teória a prax manažérstva |v 9 | |
| 856 | 4 | |a https://sweb.mtf.stuba.sk/obsahy/systemovy_pristup_k_riadeniu_informacnej_bezpecnosti_08.pdf |u https://sweb.mtf.stuba.sk/obsahy/systemovy_pristup_k_riadeniu_informacnej_bezpecnosti_08.pdf |3 OBSAH | |
| 996 | |b 284IS00950 |c I*24U6095 |l I |s A |a 24 |w stu181626_0001 | ||
| 996 | |b 284M085246 |c M*12408-3 |l MMKN |s A |a 24 |w stu181626_0002 | ||
| 996 | |b 284IS00952 |c I*24U6097 |l I |s A |a 24 |w stu181626_0003 | ||
| 996 | |b 284IS00953 |c I*24U6098 |l I |s A |a 24 |w stu181626_0004 | ||
| 996 | |b 284IS00954 |c I*24U6099 |l I |s A |a 24 |w stu181626_0005 | ||
| 996 | |b 284IS00959 |c I*24U6079 |l I |s A |a 24 |w stu181626_0006 | ||
| 996 | |b 284IS00960 |c I*24U6080 |l I |s A |a 24 |w stu181626_0007 | ||
| 996 | |b 284IS00962 |c I*24U6081 |l I |s A |a 24 |w stu181626_0008 | ||
| 996 | |b 284IS00961 |c I*24U6082 |l I |s A |a 24 |w stu181626_0009 | ||
| 996 | |b 284IS00963 |c I*6B6083 |l I |s A |a 24 |w stu181626_0010 | ||
| 996 | |b 284IS00957 |c I*24U6055 |l I |s A |a 24 |w stu181626_0011 | ||
| 996 | |c I*23P6054 |l I |s P |a 0 |w stu181626_0012 | ||
| 996 | |b 284IS00955 |c I*24U6100 |l I |s A |a 24 |w stu181626_0013 | ||
| 996 | |b 284IS00956 |c I*24U6101 |l I |s A |a 24 |w stu181626_0014 | ||
| 996 | |b 284IS00964 |c I*24U6102 |l I |s A |a 24 |w stu181626_0015 | ||
| 996 | |b 284IS00965 |c I*24U6103 |l I |s A |a 24 |w stu181626_0016 | ||
| 996 | |b 284IK06344 |c I*24U6104 |l I |s A |a 24 |w stu181626_0017 | ||
| 996 | |b 284IS00958 |c I*24U6056 |l I |s A |a 24 |w stu181626_0018 | ||
| 996 | |b 284M070297 |c M*12408-1 |l MMKN |s A |a 24 |w stu181626_0019 | ||
| 996 | |b 284IS00951 |c I*24U6096 |l I |s A |a 24 |w stu181626_0020 | ||
| 996 | |b 284M085245 |c M*12408-2 |l MMKN |s A |a 24 |w stu181626_0021 | ||